[Event "28th Czech Open A 2017"]
[Site "Pardubice CZE"]
[Date "2017.07.29"]
[Round "9.40"]
[White "Akesson, Ralf"]
[Black "Spalir, Jernej"]
[Result "1/2-1/2"]
[WhiteTitle "GM"]
[BlackTitle "FM"]
[WhiteElo "2435"]
[BlackElo "2342"]
[WhiteFideId "1700120"]
[BlackFideId "14606518"]
[EventDate "2017.07.21"]

1. d4 d5 2. c4 c6 3. e3 Nf6 4. Nc3 e6 5. Nf3 Nbd7 6. Qc2 Bd6 7. Be2 O-O 8. b3 b6
9. Bb2 Bb7 10. O-O Qe7 11. Rad1 Rac8 12. e4 e5 13. dxe5 Nxe5 14. Nd4 Bc5 15. Nf5
Qe6 16. Na4 Nxe4 17. Nxc5 bxc5 18. f3 Nd6 19. Nxg7 Kxg7 20. f4 f6 21. fxe5 fxe5
22. Bg4 Qxg4 23. Bxe5+ Kg8 24. Bxd6 Rxf1+ 25. Rxf1 Qg6 26. Qxg6+ hxg6 27. Rf6
dxc4 28. bxc4 Kg7 29. Re6 Ba6 30. Re7+ Kf6 31. Rxa7 Bxc4 32. a4 Re8 33. Bxc5
Re1+ 34. Kf2 Re2+ 35. Kg3 Ra2 36. h4 Bd5 37. Bf2 Kf5 38. a5 Ra3+ 39. Kh2 Ra2 40.
Kg3 Ra3+ 41. Kh2 Ra2 1/2-1/2

[Event "28th Czech Open A 2017"]
[Site "Pardubice CZE"]
[Date "2017.07.29"]
[Round "9.41"]
[White "Haring, Viktor"]
[Black "Vykouk, Jan"]
[Result "0-1"]
[WhiteTitle "FM"]
[BlackTitle "FM"]
[WhiteElo "2241"]
[BlackElo "2430"]
[WhiteFideId "14919400"]
[BlackFideId "349658"]
[EventDate "2017.07.21"]

1. e4 c5 2. Nf3 d6 3. d4 cxd4 4. Nxd4 Nf6 5. Nc3 a6 6. Be3 e5 7. Nb3 Be6 8. f3
h5 9. Nd5 Bxd5 10. exd5 Nbd7 11. Qd2 g6 12. O-O-O Rc8 13. Kb1 Bg7 14. c4 O-O 15.
h3 e4 16. f4 Qc7 17. Be2 h4 18. Rc1 Nc5 19. Nd4 Rfe8 20. f5 g5 21. g3 hxg3 22.
Rhg1 Nd3 23. Rxg3 Nxc1 24. Bxg5 Nh5 25. Bxh5 Qxc4 26. b3 Qxd4 27. Qxd4 Bxd4 28.
Bf6+ Kf8 29. Bxd4 Nd3 30. Bg7+ Ke7 31. f6+ Kd8 32. Bh6 Rh8 33. Bxf7 Rxh6 34.
Rg8+ Kc7 35. Rg7 Kb6 0-1

[Event "28th Czech Open A 2017"]
[Site "Pardubice CZE"]
[Date "2017.07.29"]
[Round "9.42"]
[White "Cawdery, Daniel"]
[Black "Krykun, Yuriy"]
[Result "1-0"]
[WhiteTitle "IM"]
[BlackTitle "FM"]
[WhiteElo "2426"]
[BlackElo "2334"]
[WhiteFideId "14300249"]
[BlackFideId "14140667"]
[EventDate "2017.07.21"]

1. e4 Nc6 2. Nf3 d6 3. d4 Nf6 4. Nc3 g6 5. h3 Bg7 6. Bg5 a6 7. Qd2 b5 8. Bd3 h6
9. Be3 e5 10. dxe5 Nxe5 11. Nxe5 dxe5 12. a4 b4 13. Na2 a5 14. Rd1 Bd7 15. b3
Bc6 16. c3 Bxe4 17. Qc2 Bxd3 18. Rxd3 Qc8 19. Bc5 Qb7 20. O-O Nd5 21. Rfd1 Nf4
22. Rf3 Ne6 23. Rxf7 Kxf7 24. Rd7+ Kg8 25. Qxg6 Qc6 26. Rxg7+ Nxg7 27. Qxc6 Rd8
28. cxb4 axb4 29. Nxb4 Kh7 30. Qe4+ 1-0

[Event "28th Czech Open A 2017"]
[Site "Pardubice CZE"]
[Date "2017.07.29"]
[Round "9.43"]
[White "Bartos, Jan"]
[Black "Kraus, Tomas"]
[Result "1/2-1/2"]
[WhiteTitle "FM"]
[BlackTitle "IM"]
[WhiteElo "2189"]
[BlackElo "2422"]
[WhiteFideId "315060"]
[BlackFideId "331708"]
[EventDate "2017.07.21"]

1. Nf3 g6 2. e4 Bg7 3. d4 d6 4. Be2 Nf6 5. Nc3 O-O 6. O-O c6 7. h3 Nbd7 8. Bf4
Nh5 9. Bh2 e5 10. Qd2 Qf6 11. dxe5 dxe5 12. Rad1 Nf4 13. Qd6 Qxd6 14. Rxd6 Nxe2+
15. Nxe2 f6 16. Rfd1 Rf7 17. Nc3 Bf8 18. R6d2 Bb4 19. Ne1 Ba5 20. a3 Nf8 21. b4
Bc7 22. Nd3 Ne6 23. Nb2 b5 24. Ne2 a5 25. c4 axb4 26. axb4 Ra3 27. Nc1 Rc3 28.
Rd3 Rc2 29. R3d2 Rc3 30. Rd3 Rc2 31. R3d2 Rxd2 32. Rxd2 Ng5 33. f3 Bxh3 34. cxb5
cxb5 35. Rd5 Bd7 36. Kf1 Ne6 37. Nb3 Bc6 38. Rd1 Rd7 39. Ra1 Bd6 40. Nd3 Be7 41.
Ke2 Nf4+ 42. Nxf4 exf4 43. Bxf4 f5 44. Rc1 Bb7 1/2-1/2

[Event "28th Czech Open A 2017"]
[Site "Pardubice CZE"]
[Date "2017.07.29"]
[Round "9.44"]
[White "Kozak, Adam"]
[Black "Aliyev, Ravan"]
[Result "0-1"]
[WhiteTitle "IM"]
[WhiteElo "2414"]
[BlackElo "2311"]
[WhiteFideId "753246"]
[BlackFideId "13409980"]
[EventDate "2017.07.21"]

1. Nf3 Nf6 2. c4 c6 3. e3 d5 4. Nc3 e6 5. b3 Nbd7 6. Bb2 Bd6 7. Be2 O-O 8. Qc2
Qe7 9. O-O Ba3 10. d4 Bxb2 11. Qxb2 b6 12. cxd5 exd5 13. Rac1 Bb7 14. Rfd1 Rfe8
15. Bf1 c5 16. Qa3 a6 17. g3 Ne4 18. Qb2 Rac8 19. dxc5 Nxc3 20. Qxc3 bxc5 21.
Bg2 Nf6 22. Qb2 Rc7 23. Rc2 Ne4 24. Rdc1 Rc6 25. Ne1 Rf6 26. Nd3 d4 27. exd4 Ng5
28. d5 Nf3+ 29. Bxf3 Rxf3 30. Nf4 Rxf4 31. gxf4 Bxd5 32. Qe5 Qd7 33. Qg5 Qe6 34.
h3 h6 35. Qg4 f5 36. Qh5 Qe4 37. f3 Qe3+ 38. Kg2 Re6 39. Rc3 Qd2+ 40. Kg3 Re2 0-1

[Event "28th Czech Open A 2017"]
[Site "Pardubice CZE"]
[Date "2017.07.29"]
[Round "9.45"]
[White "Debashis, Das"]
[Black "Rakesh, Kumar Jena"]
[Result "1/2-1/2"]
[WhiteTitle "GM"]
[BlackTitle "FM"]
[WhiteElo "2505"]
[BlackElo "2283"]
[WhiteFideId "5024854"]
[BlackFideId "5084822"]
[EventDate "2017.07.21"]

1. Nf3 d5 2. g3 c5 3. c4 Nf6 4. Bg2 Nc6 5. O-O e5 6. cxd5 Nxd5 7. Nc3 Be6 8. b3
Be7 9. Bb2 O-O 10. d3 f6 11. Nd2 Qd7 12. Nxd5 Bxd5 13. Bxd5+ Qxd5 14. Rc1 Rfd8
15. a4 b6 16. Bc3 Rab8 17. h3 f5 18. Kh2 Bf6 19. Nc4 Qe6 20. Qc2 e4 21. dxe4
fxe4 22. Bxf6 1/2-1/2

[Event "28th Czech Open A 2017"]
[Site "Pardubice CZE"]
[Date "2017.07.29"]
[Round "9.46"]
[White "Vyskocil, Neklan"]
[Black "Kovalev, Andrei"]
[Result "1/2-1/2"]
[WhiteTitle "IM"]
[BlackTitle "GM"]
[WhiteElo "2329"]
[BlackElo "2517"]
[WhiteFideId "307106"]
[BlackFideId "13500023"]
[EventDate "2017.07.21"]

1. e4 c5 2. Nf3 Nc6 3. Bb5 g6 4. O-O Bg7 5. Re1 Nf6 6. e5 Nd5 7. Nc3 Nc7 8. Bxc6
dxc6 9. d3 Bg4 10. h3 Bxf3 11. Qxf3 Ne6 1/2-1/2

[Event "28th Czech Open A 2017"]
[Site "Pardubice CZE"]
[Date "2017.07.29"]
[Round "9.47"]
[White "Teske, Henrik"]
[Black "Galchenko, Matvey"]
[Result "1-0"]
[WhiteTitle "GM"]
[BlackTitle "FM"]
[WhiteElo "2486"]
[BlackElo "2336"]
[WhiteFideId "4611500"]
[BlackFideId "24175480"]
[EventDate "2017.07.21"]

1. g3 e5 2. c4 Nf6 3. Bg2 d5 4. cxd5 Nxd5 5. Nc3 Nb6 6. d3 Be7 7. Be3 O-O 8. Rc1
Nc6 9. Bxc6 bxc6 10. Nf3 f6 11. d4 Nc4 12. dxe5 Nxe3 13. fxe3 fxe5 14. Qxd8 Rxd8
15. Nxe5 Bg5 16. Nd1 Bh3 17. Nf3 Bh6 18. Rxc6 Rd7 19. Kf2 Re8 20. Rg1 Bg4 21.
Re1 Rde7 22. Rc3 Bf5 23. Kg1 Bh3 24. a3 a5 25. Kf2 Bg4 26. Rc4 Bc8 27. Ra4 Bxe3+
28. Nxe3 Rxe3 29. Rxa5 Rb3 30. Re5 Rxe5 31. Nxe5 Rxb2 32. Rd1 1-0

[Event "28th Czech Open A 2017"]
[Site "Pardubice CZE"]
[Date "2017.07.29"]
[Round "9.48"]
[White "Bilchinski, Anton"]
[Black "Krylov, Mikhail RUS"]
[Result "0-1"]
[WhiteTitle "FM"]
[BlackTitle "GM"]
[WhiteElo "2327"]
[BlackElo "2485"]
[WhiteFideId "24615765"]
[BlackFideId "4151364"]
[EventDate "2017.07.21"]

1. d4 Nf6 2. c4 g6 3. Nc3 Bg7 4. e4 d6 5. Nf3 O-O 6. Be2 e5 7. d5 a5 8. Bg5 Qe8
9. Nd2 h5 10. h3 Nh7 11. Be3 f5 12. exf5 gxf5 13. f4 h4 14. O-O Na6 15. Nf3 Qe7
16. Qd2 e4 17. Nd4 Bd7 18. Rab1 Kh8 19. b3 Bf6 20. a3 Rg8 21. Rfc1 Rg3 22. Bf1
Qg7 23. Nde2 Rxh3 24. g3 Qg4 25. Bxh3 Qxh3 26. Kf2 hxg3+ 27. Ke1 g2 28. b4 axb4
29. axb4 Be8 30. Kd1 Bh5 31. Kc2 Bxe2 32. Qxe2 Rg8 33. Rg1 Rg3 34. Nd1 Nf8 35.
Qd2 Ng6 36. Nf2 Qh5 37. Nxe4 fxe4 38. Rxg2 Rxg2 39. Qxg2 Qf5 40. Kb3 Kg7 41. Rg1
Kf7 42. Qg4 Ne7 43. Qxf5 Nxf5 44. Re1 Bd4 45. Bxd4 Nxd4+ 46. Kc3 Nxb4 47. Rxe4
c5 48. dxc6 Ndxc6 49. c5 dxc5 50. Kc4 Na6 51. Kb5 Na7+ 52. Ka5 Nc8 53. Re2 Nc7
54. Rh2 b6+ 55. Ka4 Ne7 56. Rh7+ Kf6 57. Rh6+ Ng6 58. Rh7 Nd5 59. Kb5 Ngxf4 60.
Rb7 Ne6 61. Kc4 Ke5 62. Rd7 Ndc7 63. Rh7 b5+ 64. Kb3 Nd4+ 65. Kc3 Nd5+ 0-1

[Event "28th Czech Open A 2017"]
[Site "Pardubice CZE"]
[Date "2017.07.29"]
[Round "9.49"]
[White "Belous, Mikhail"]
[Black "Lugovskoy, Maxim"]
[Result "0-1"]
[WhiteTitle "FM"]
[BlackTitle "GM"]
[WhiteElo "2313"]
[BlackElo "2453"]
[WhiteFideId "14127555"]
[BlackFideId "24126454"]
[EventDate "2017.07.21"]

1. d4 d5 2. c4 e6 3. Nc3 a6 4. cxd5 exd5 5. Bf4 c6 6. e3 Bd6 7. Bxd6 Qxd6 8. Bd3
Nf6 9. Nf3 Nbd7 10. Qc2 O-O 11. h3 Re8 12. g4 Nf8 13. O-O-O b5 14. Kb1 Bb7 15.
g5 N6d7 16. h4 c5 17. dxc5 Nxc5 18. Bf5 b4 19. Na4 Nxa4 20. Qxa4 d4 21. Rxd4 Qc5
22. Bg4 Bxf3 23. Rc1 Qe5 24. Bxf3 Qf5+ 25. Qc2 Qxf3 26. Rxb4 Ne6 27. Rc4 g6 28.
Rc6 Red8 29. a3 Qd5 30. Ka1 a5 31. h5 Rab8 32. hxg6 hxg6 33. Qc3 Qd2 34. Qf6 Nd4
35. Rb1 Nb3+ 36. Ka2 Qd5 0-1

[Event "28th Czech Open A 2017"]
[Site "Pardubice CZE"]
[Date "2017.07.29"]
[Round "9.50"]
[White "Garakov, Mikhael"]
[Black "Tokranovs, Dmitrijs"]
[Result "1-0"]
[WhiteTitle "IM"]
[BlackTitle "FM"]
[WhiteElo "2447"]
[BlackElo "2325"]
[WhiteFideId "4169034"]
[BlackFideId "11603011"]
[EventDate "2017.07.21"]

1. e4 g6 2. d4 Bg7 3. Nf3 d6 4. Bc4 Nf6 5. Qe2 c6 6. Bb3 a5 7. Nc3 Qc7 8. e5
dxe5 9. dxe5 Ng4 10. Bf4 Nd7 11. Bxf7+ Kf8 12. Be6 Ndxe5 13. Bxg4 Bxg4 14. Bxe5
Qxe5 15. Qxe5 1-0

[Event "28th Czech Open A 2017"]
[Site "Pardubice CZE"]
[Date "2017.07.29"]
[Round "9.51"]
[White "Sundararajan, Kidambi"]
[Black "Lerch, Philipp"]
[Result "1/2-1/2"]
[WhiteTitle "GM"]
[BlackTitle "FM"]
[WhiteElo "2444"]
[BlackElo "2320"]
[WhiteFideId "5005370"]
[BlackFideId "4654129"]
[EventDate "2017.07.21"]

1. Nf3 f5 2. b4 Nf6 3. Bb2 g6 4. e3 Bg7 5. d4 d5 6. Be2 O-O 7. O-O Nbd7 8. c4 e6
9. Nbd2 Qe7 10. b5 c5 11. dxc5 Nxc5 12. Nb3 Na4 13. Be5 Ne4 14. Qc2 Nac3 15.
Bxg7 Qxg7 16. Bd3 Bd7 17. Bxe4 Nxe4 18. a4 dxc4 19. Qxc4 Rac8 20. Qd4 Qxd4 21.
Nbxd4 Rc5 22. Nb3 Rc3 1/2-1/2

[Event "28th Czech Open A 2017"]
[Site "Pardubice CZE"]
[Date "2017.07.29"]
[Round "9.52"]
[White "Hacker, Jonas"]
[Black "Lerch, Patrice"]
[Result "0-1"]
[WhiteTitle "FM"]
[BlackTitle "IM"]
[WhiteElo "2297"]
[BlackElo "2415"]
[WhiteFideId "1270968"]
[BlackFideId "605867"]
[EventDate "2017.07.21"]

1. e4 c5 2. Nf3 Nc6 3. d4 cxd4 4. Nxd4 Nf6 5. Nc3 d6 6. Bg5 Bd7 7. Qd2 h6 8.
Bxf6 gxf6 9. O-O-O Rc8 10. f4 Nxd4 11. Qxd4 Qa5 12. Kb1 Qc5 13. Qd3 Bg7 14. f5
h5 15. h4 Bh6 16. g3 Qe3 17. Be2 Qxd3 18. Rxd3 Bf8 19. Nd5 Bb5 20. Re3 Bxe2 21.
Rxe2 Bh6 22. Rd1 Kd7 23. Rd3 Rc6 24. Rb3 Rb8 25. Ra3 Ra8 26. Rb3 Rb8 27. Ra3 Ra8
28. g4 hxg4 29. Rg2 Rcc8 30. Rxg4 Rg8 31. Rag3 Rxg4 32. Rxg4 Rh8 33. Rg2 Bg5 34.
Rh2 e6 35. Nc3 Rxh4 36. Rxh4 Bxh4 37. Kc1 Bg3 38. Ne2 Be5 39. c3 Kc6 40. Kd2 b5
41. Kd3 d5 42. Nc1 b4 43. cxb4 Bxb2 44. Ne2 dxe4+ 45. Kxe4 exf5+ 46. Kd3 Kb5 47.
Kc2 Ba3 48. Nd4+ Kc4 49. Nxf5 Bxb4 50. Nh6 Bf8 51. Nxf7 f5 52. Kd2 Kd4 53. Ke2
Kc3 54. Kf3 a5 55. Kf4 a4 56. Kxf5 Kb2 57. Ne5 Kxa2 58. Nd7 a3 59. Ne5 Kb3 60.
Nd3 Kc2 61. Ke4 a2 62. Nb4+ Bxb4 0-1

[Event "28th Czech Open A 2017"]
[Site "Pardubice CZE"]
[Date "2017.07.29"]
[Round "9.53"]
[White "Vokac, Marek"]
[Black "Zarubitski, Viachaslau"]
[Result "1/2-1/2"]
[WhiteTitle "GM"]
[BlackTitle "FM"]
[WhiteElo "2412"]
[BlackElo "2314"]
[WhiteFideId "300101"]
[BlackFideId "13509373"]
[EventDate "2017.07.21"]

1. g3 d5 2. Bg2 Nf6 3. d3 e5 4. a3 Nc6 5. b4 Be7 6. Bb2 O-O 7. b5 Nd4 8. e3 Nxb5
9. Bxe5 d4 10. e4 Bd6 11. Bxd6 Qxd6 12. Ne2 a5 13. a4 Qb4+ 14. Nd2 Nc3 15. Nxc3
dxc3 16. Nc4 Bg4 17. Qc1 Be6 18. Ne3 Ng4 19. O-O Qd4 20. Nd1 c5 21. Qa3 c4 22.
Qxc3 Rfd8 23. h3 Ne5 24. Qxd4 Rxd4 25. f4 Nc6 26. Ne3 cxd3 27. c3 Rd7 28. Rfd1
Rc8 29. Rab1 f6 30. Nd5 Bxd5 31. exd5 Nd8 32. Rxd3 Rc4 33. d6 Kf8 34. h4 g6 35.
f5 gxf5 36. Rb5 Nf7 37. Rxf5 Rxd6 38. Rxd6 Nxd6 39. Rxf6+ Ke7 40. Rh6 Rxc3 41.
Kh2 b6 42. Rxh7+ Kf6 43. Rh6+ Ke5 44. Rh5+ Kf6 45. Rd5 Nf5 46. Rb5 Nxg3 47.
Rxb6+ Kf5 48. Bh3+ Kf4 49. Rf6+ Ke5 50. Rf2 Ra3 51. Bg4 Ne4 52. Rf5+ Kd4 53. h5
Rxa4 54. h6 Rb4 55. Rxa5 Rb2+ 56. Kh3 Rb6 57. Rh5 Nf6 58. h7 Nxh7 59. Rxh7 Ke4
60. Re7+ Kf4 61. Rf7+ Ke4 62. Kg3 Rb3+ 63. Bf3+ Ke5 64. Kg4 Rb4+ 65. Kg5 Rb8 66.
Rg7 Rb5 67. Rg8 Ke6+ 68. Kf4 Rf5+ 69. Ke4 Re5+ 70. Kd4 Kd6 71. Be4 Ra5 72. Rg6+
Ke7 73. Bd5 Ra1 74. Ke5 Re1+ 75. Be4 Kf7 76. Rg4 Ke7 77. Rg7+ Kf8 78. Ra7 Ke8
79. Kd5 Kf8 80. Bf5 Re7 81. Ra1 Re2 82. Bg4 Re3 83. Kd4 Rg3 84. Bf5 Rg2 85. Ke5
Rg7 86. Ra8+ Ke7 87. Rc8 Rf7 88. Rb8 Rg7 89. Ra8 Rf7 90. Bg6 Rg7 91. Ra6 Kf8 92.
Kf6 Rf7+ 93. Kg5 Rc7 94. Re6 Re7 95. Rf6+ Kg7 96. Bf5 Rf7 97. Re6 Rc7 98. Rh6
Re7 99. Be6 Kf8 100. Kf5 Rg7 101. Kf6 Rf7+ 102. Ke5 Rg7 103. Kd6 Rg5 104. Rh7
Rg6 105. Ra7 Rg5 106. Rf7+ Ke8 107. Rf6 Rg7 108. Bf5 Rg8 109. Bd7+ Kd8 110. Be6 1/2-1/2

[Event "28th Czech Open A 2017"]
[Site "Pardubice CZE"]
[Date "2017.07.29"]
[Round "9.54"]
[White "Frolov, Artur"]
[Black "Armbrust, Florian"]
[Result "1/2-1/2"]
[WhiteTitle "IM"]
[BlackTitle "FM"]
[WhiteElo "2410"]
[BlackElo "2318"]
[WhiteFideId "14100134"]
[BlackFideId "4691350"]
[EventDate "2017.07.21"]

1. e4 c5 2. Nf3 d6 3. d4 cxd4 4. Nxd4 Nf6 5. Nc3 Nc6 6. Bc4 e6 7. Be3 Be7 8. Qe2
a6 9. O-O-O Qc7 10. Bb3 Na5 11. g4 b5 12. g5 Nxb3+ 13. axb3 Nd7 14. Nf5 exf5 15.
Nd5 Qd8 16. exf5 Bb7 17. f6 gxf6 18. Rhe1 Bxd5 19. Rxd5 Rg8 20. gxf6 Nxf6 21.
Rf5 Ng4 22. Bg5 Ne5 23. Bxe7 Qxe7 24. f4 Qe6 25. Qe4 Nd3+ 26. cxd3 Qxe4 27.
Rxe4+ Kf8 28. Rg5 Rg6 29. Kd2 Rc8 30. b4 Kg7 31. h4 Kf6 32. Rd4 Ke7 33. h5 Rxg5
34. fxg5 Rg8 35. Rg4 Ke6 36. Ke3 f6 37. Re4+ Kf7 38. gxf6 Kxf6 39. Rf4+ Ke6 40.
Re4+ 1/2-1/2

[Event "28th Czech Open A 2017"]
[Site "Pardubice CZE"]
[Date "2017.07.29"]
[Round "9.57"]
[White "Zhurov, Sergey"]
[Black "Cuhendi, Sean Winshand"]
[Result "1/2-1/2"]
[BlackTitle "IM"]
[WhiteElo "2297"]
[BlackElo "2398"]
[WhiteFideId "4105788"]
[BlackFideId "7101554"]
[EventDate "2017.07.21"]

1. e4 e5 2. Nf3 Nc6 3. d4 exd4 4. Nxd4 Nf6 5. Nxc6 bxc6 6. e5 Qe7 7. Qe2 Nd5 8.
c4 Ba6 9. b3 g6 10. g3 Bg7 11. Bb2 O-O 12. Bg2 f6 13. e6 dxe6 14. O-O Qf7 15.
Re1 Rfd8 16. Qd2 Nb6 17. Qa5 Bb7 18. Nd2 Rab8 19. Ne4 c5 20. Bc3 Bxe4 21. Bxe4
f5 22. Bxg7 fxe4 23. Bh6 Qf5 24. Bf4 Rf8 25. Rad1 h5 26. Qd2 Rf7 27. Qe2 g5 28.
Bc1 Nd7 29. Qxe4 Qxf2+ 30. Kh1 Nf6 31. Qg6+ Rg7 32. Qd3 Ng4 33. Re2 h4 34. Qe4
Qf5 35. Qxf5 exf5 36. gxh4 gxh4 37. Rf1 h3 1/2-1/2

[Event "28th Czech Open A 2017"]
[Site "Pardubice CZE"]
[Date "2017.07.29"]
[Round "9.58"]
[White "Rydl, Jiri"]
[Black "Goluch, Piotr"]
[Result "1-0"]
[WhiteTitle "FM"]
[BlackTitle "FM"]
[WhiteElo "2395"]
[BlackElo "2288"]
[WhiteFideId "346390"]
[BlackFideId "1137840"]
[EventDate "2017.07.21"]

1. Nf3 d5 2. g3 Nf6 3. Bg2 g6 4. b3 Bg7 5. Bb2 O-O 6. c4 c6 7. O-O Nbd7 8. Qc2
Re8 9. Nc3 dxc4 10. bxc4 e5 11. d3 Nc5 12. Rfd1 Qc7 13. Nd2 Bf5 14. Nb3 Nxb3 15.
axb3 a5 16. h3 e4 17. Nxe4 Nxe4 18. Bxg7 Nxg3 19. fxg3 Kxg7 20. e4 Bd7 21. Qc3+
f6 22. Rf1 Qb6+ 23. c5 Qd8 24. d4 b5 25. Rf2 b4 26. Qe3 Qe7 27. g4 Ra7 28. Qg3
Rf8 29. Raf1 Raa8 30. Qc7 Qd8 31. Qd6 Be8 32. e5 Qxd6 33. cxd6 Rd8 34. Ra1 Bf7
35. Rxa5 fxe5 36. dxe5 Bxb3 37. Bxc6 Be6 38. Ra7+ Kh6 39. Rxf8 Rxf8 40. Rb7 b3
41. Ba4 Rf3 42. Bxb3 Bxb3 43. Rxb3 Rxb3 44. d7 Rd3 45. e6 Kg7 46. e7 Rxd7 47.
e8=Q Rf7 48. Kg2 g5 49. Qe5+ Kg6 50. Qh8 Re7 51. Qg8+ Kf6 52. Qf8+ 1-0

[Event "28th Czech Open A 2017"]
[Site "Pardubice CZE"]
[Date "2017.07.29"]
[Round "9.59"]
[White "Saiyn, Zhanat"]
[Black "Haring, Filip"]
[Result "1-0"]
[WhiteTitle "IM"]
[BlackTitle "FM"]
[WhiteElo "2390"]
[BlackElo "2278"]
[WhiteFideId "13703820"]
[BlackFideId "14933080"]
[EventDate "2017.07.21"]

1. d4 Nf6 2. Nf3 e6 3. c4 b6 4. a3 Ba6 5. Qc2 Bb7 6. Nc3 c5 7. dxc5 bxc5 8. Bf4
Be7 9. h3 O-O 10. e3 Bxf3 11. gxf3 Nc6 12. O-O-O Nh5 13. Bd6 Bxd6 14. Rxd6 Qe7
15. Rd2 f5 16. f4 Rab8 17. Qa4 Rb6 18. Bg2 Rfb8 19. Bxc6 dxc6 20. Rhd1 Nf6 21.
Qa5 R6b7 22. Rd8+ Kf7 23. Rxb8 Rxb8 24. Na4 Qb7 25. Qc3 Nd7 26. Qd3 Nf6 27. Qc3
Nd7 28. Qd2 Nf6 29. Nxc5 Qb6 30. Qd4 a5 31. Qe5 Re8 32. Rd6 Qb8 33. Rxc6 Qa8 34.
Rc7+ Kg6 35. e4 Kh6 36. f3 Qd8 37. Rc6 a4 38. Qc3 Qb8 39. e5 Nh5 40. Nxe6 g6 41.
Qc2 Qa7 42. Nc5 Qa5 43. Nd3 Rd8 44. Rd6 Rc8 45. Kb1 Qa8 46. Qg2 Kg7 47. c5 Qb7
48. Qf2 Qb3 49. Qc2 Qb7 50. Qxa4 1-0

[Event "28th Czech Open A 2017"]
[Site "Pardubice CZE"]
[Date "2017.07.29"]
[Round "9.60"]
[White "Hoeglauer, Patrick"]
[Black "Tomazini, Aljosa"]
[Result "1-0"]
[WhiteTitle "FM"]
[BlackTitle "FM"]
[WhiteElo "2291"]
[BlackElo "2387"]
[WhiteFideId "1270548"]
[BlackFideId "14608154"]
[EventDate "2017.07.21"]

1. e4 e5 2. Nf3 Nc6 3. Bb5 a6 4. Ba4 Nf6 5. O-O Be7 6. Re1 b5 7. Bb3 d6 8. c3
O-O 9. h3 Nb8 10. d4 Nbd7 11. Bc2 Bb7 12. Nbd2 Re8 13. Nf1 Bf8 14. Ng3 g6 15. a4
c5 16. b3 cxd4 17. cxd4 exd4 18. axb5 axb5 19. Bb2 Nc5 20. b4 Bg7 21. bxc5 dxc5
22. e5 Nd7 23. Be4 Bxe4 24. Nxe4 Qb6 25. Nd6 Rxa1 26. Qxa1 Rf8 27. Nxf7 Rxf7 28.
e6 Rxf3 29. gxf3 Qd8 30. Qa7 Ne5 31. Rxe5 Bxe5 32. Qf7+ 1-0

[Event "28th Czech Open A 2017"]
[Site "Pardubice CZE"]
[Date "2017.07.29"]
[Round "9.61"]
[White "Sindarov, Javokhir"]
[Black "Dowgird, Filip"]
[Result "1-0"]
[WhiteTitle "CM"]
[WhiteElo "2383"]
[BlackElo "2242"]
[WhiteFideId "14205483"]
[BlackFideId "1121235"]
[EventDate "2017.07.21"]

1. e4 e6 2. Qe2 c5 3. Nf3 Nc6 4. g3 g6 5. Bg2 Bg7 6. c3 Nge7 7. h4 h6 8. O-O e5
9. Na3 O-O 10. h5 g5 11. Nc4 d6 12. Ne3 Be6 13. g4 d5 14. d3 d4 15. Nf5 f6 16.
Bd2 b5 17. Rfc1 a5 18. cxd4 cxd4 19. Rc5 Qb6 20. Rac1 Ra7 21. Be1 Nb4 22. b3 Rf7
23. Nxg7 Kxg7 24. Bxb4 axb4 25. Nh2 Rf8 26. Qd2 Qa5 27. R1c2 Rc8 28. Rxc8 Nxc8
29. Bf3 Bd7 30. Nf1 Ra6 31. Qc1 Ne7 32. Ng3 Nc6 33. Nf5+ Kh7 34. Kg2 Qd8 35. Rc5
Nb8 36. Qd2 Qa5 37. Ne7 Qxa2 38. Qxb4 Qa3 39. Qxa3 Rxa3 40. Rc7 Ra6 41. Rb7 Ra8
42. Nd5 1-0

[Event "28th Czech Open A 2017"]
[Site "Pardubice CZE"]
[Date "2017.07.29"]
[Round "9.62"]
[White "Karas, Marek"]
[Black "Popov, Mikhail"]
[Result "0-1"]
[WhiteTitle "FM"]
[BlackTitle "FM"]
[WhiteElo "2273"]
[BlackElo "2374"]
[WhiteFideId "14928558"]
[BlackFideId "4146182"]
[EventDate "2017.07.21"]

1. d4 Nf6 2. Bf4 g6 3. Nf3 Bg7 4. e3 O-O 5. h3 d6 6. Be2 Nfd7 7. Nc3 Nc6 8. e4
e5 9. dxe5 Ndxe5 10. Nxe5 Nxe5 11. Qd2 f5 12. exf5 Bxf5 13. Bg5 Qd7 14. O-O-O
Be6 15. Rhf1 Qf7 16. Bh6 Nc4 17. Bxc4 Bxh6 18. Qxh6 Bxc4 19. Rfe1 Qxf2 20. Re7
Rf7 21. Rxf7 Qxf7 22. b3 Qf6 23. Qe3 Bf7 24. Kb1 Re8 25. Qd3 Qg5 26. g4 a6 27.
Rf1 Qe3 28. Rf3 Qxd3 29. Rxd3 g5 30. Kc1 Bg6 31. Rf3 Re1+ 32. Kd2 Rh1 33. Ne2
Be4 34. Re3 Bg2 35. Re7 Bxh3 36. Ng3 Rh2+ 37. Kc3 Bxg4 38. Ne4 Bf5 0-1

[Event "28th Czech Open A 2017"]
[Site "Pardubice CZE"]
[Date "2017.07.29"]
[Round "9.63"]
[White "Swicarz, Maciej"]
[Black "Reuker, Jari"]
[Result "0-1"]
[WhiteElo "2372"]
[BlackElo "2275"]
[WhiteFideId "1113585"]
[BlackFideId "12909300"]
[EventDate "2017.07.21"]

1. f4 d5 2. Nf3 g6 3. g3 Bg7 4. Bg2 c5 5. O-O Nc6 6. d3 Nf6 7. Qe1 Qb6 8. c3 O-O
9. h3 c4+ 10. Kh1 cxd3 11. exd3 Bf5 12. Qe2 Qa6 13. Rd1 Ne4 14. Kh2 Nc5 15. Bf1
d4 16. g4 Bd7 17. a4 b5 18. Ra3 bxa4 19. Nxd4 Nxd4 20. cxd4 Bxd4 21. Qxe7 Rfe8
22. Qg5 Nb3 23. Nc3 Nxc1 24. Rxc1 Qb6 25. Rc2 Rac8 26. Rd2 Bf6 27. Qh6 Bc6 28.
d4 Bxd4 29. Ne2 Bxb2 30. Ng3 Bxa3 31. Nh5 Bb2 32. f5 Be5+ 33. Ng3 Bxg3+ 34. Kxg3
Qe3+ 0-1

[Event "28th Czech Open A 2017"]
[Site "Pardubice CZE"]
[Date "2017.07.29"]
[Round "9.64"]
[White "Chovan, Milan"]
[Black "Heidrich, Manfred"]
[Result "1/2-1/2"]
[WhiteTitle "FM"]
[BlackTitle "FM"]
[WhiteElo "2269"]
[BlackElo "2366"]
[WhiteFideId "14933691"]
[BlackFideId "4602722"]
[EventDate "2017.07.21"]

1. d4 f5 2. g3 Nf6 3. Bg2 g6 4. Nf3 Bg7 5. O-O O-O 6. c4 d6 7. Nc3 c6 8. d5 e5
9. dxe6 Bxe6 10. Qd3 Na6 11. Ng5 Qe7 12. Bf4 Rad8 13. Rad1 Nh5 14. Nd5 Qe8 15.
Nxe6 Qxe6 16. Bg5 Rd7 17. Qc2 Nc7 18. Nxc7 Rxc7 19. Bf3 Nf6 20. Be3 a6 21. b3
Rd7 22. Qc1 d5 23. cxd5 Nxd5 24. Bd4 Rfd8 25. Bxg7 Kxg7 26. Rd3 Rd6 27. Rfd1 Nf6
28. Rxd6 Rxd6 29. Kg2 Qd7 30. Rxd6 Qxd6 31. Qc3 g5 32. h3 Kg6 33. Qc2 h5 34. g4
hxg4 35. hxg4 Qe5 36. e3 a5 37. a3 Qb5 38. Be2 Qd5+ 39. f3 Qe5 40. gxf5+ Kh6 41.
Qd3 Nd5 42. Kf2 Kg7 43. Qe4 Kf6 44. Qxe5+ Kxe5 45. e4 Nf6 46. Ke3 b5 47. b4 axb4
48. axb4 Nd7 49. Bd1 c5 50. bxc5 Nxc5 51. f6 Kxf6 52. f4 1/2-1/2